[Event "ch-RUS HL"]
[Site "Ulan Ude RUS"]
[Date "2009.09.07"]
[Round "6"]
[White "Nepomniachtchi, I."]
[Black "Dreev, A."]
[Result "1-0"]
[WhiteElo "2632"]
[BlackElo "2662"]
[PlyCount "73"]
[EventDate "2009.09.02"]

1. e4 c6 2. d4 d5 3. f3 e6 4. Nc3 Bb4 5. Bf4 Nf6 6. Qd3 b6 7. Nge2 a5 8. O-O-O
a4 9. Nxa4 Rxa4 10. Qb3 b5 11. Bxb8 dxe4 12. Be5 e3 13. c3 Bd6 14. Nf4 Bxe5 15.
dxe5 Nd7 16. Nxe6 fxe6 17. Qxe6+ Qe7 18. Qxc6 O-O 19. Bxb5 Ra7 20. Bc4+ Kh8 21.
f4 g5 22. g3 Nc5 23. Rhe1 gxf4 24. gxf4 Ra4 25. b4 Bf5 26. Rxe3 Qa7 27. Rg3 Ne4
28. Qh6 Qe7 29. e6 Nxg3 30. Rd7 Ne2+ 31. Bxe2 Rf6 32. Qg5 h6 33. Qg3 Rxe6 34.
Rxe7 Rxe7 35. Bc4 Rg7 36. Qh4 Kh7 37. Qf6 1-0

[Event "FSGM September"]
[Site "Budapest HUN"]
[Date "2009.09.13"]
[Round "9"]
[White "Fodor, T jr"]
[Black "Szabo, Krisz1"]
[Result "0-1"]
[WhiteElo "2430"]
[BlackElo "2489"]
[PlyCount "78"]
[EventDate "2009.09.05"]

1. d4 d5 2. c4 e6 3. Nc3 c6 4. e4 dxe4 5. Nxe4 Bb4+ 6. Bd2 Qxd4 7. Bxb4 Qxe4+
8. Ne2 Na6 9. Bf8 Ne7 10. Bxg7 Nb4 11. Bxh8 e5 12. Qb3 Nc2+ 13. Kd2 Nxa1 14.
Qd3 Qh4 15. Bxe5 Bf5 16. Bg3 Qf6 17. Qc3 O-O-O+ 18. Kc1 Bc2 19. b3 Rd1+ 20. Kb2
Rb1+ 21. Ka3 Bxb3 22. axb3 Rxb3+ 23. Qxb3 Nxb3 24. Kxb3 Qa1 25. Nc3 Nf5 26. Kc2
Qe1 27. f3 Nxg3 28. hxg3 a5 29. c5 f5 30. g4 fxg4 31. fxg4 Kb8 32. g5 Ka7 33.
Kb3 Qc1 34. g3 Qxg5 35. Bd3 Qxc5 36. Bxh7 a4+ 37. Kb2 b5 38. Bd3 Qd4 39. Bxb5
cxb5 0-1

[Event "18th TCh-CRO"]
[Site "Sibenik CRO"]
[Date "2009.09.24"]
[Round "4"]
[White "Navara, D."]
[Black "Bologan, V."]
[Result "1/2-1/2"]
[WhiteElo "2692"]
[BlackElo "2688"]
[PlyCount "114"]
[EventDate "2009.09.21"]

1. d4 Nf6 2. c4 g6 3. g3 c5 4. Nf3 Bg7 5. Bg2 Qa5+ 6. Nc3 Ne4 7. Qd3 cxd4 8.
Nxd4 Nc5 9. Qe3 Nc6 10. Ndb5 Ne6 11. Bd2 Qd8 12. O-O O-O 13. Rab1 d6 14. Nd5 a6
15. Na3 Bd4 16. Qh6 Bg7 17. Qe3 Ned4 18. Bc3 Bg4 19. f3 Bd7 20. Qf2 e6 21. Nf4
b5 22. e3 b4 23. exd4 bxc3 24. bxc3 Qa5 25. Rb3 Rab8 26. Rfb1 e5 27. dxe5 dxe5
28. Nd5 Qxa3 29. Rxa3 Rxb1+ 30. Bf1 Bh3 31. Rxa6 Rc8 32. Ne3 Bh6 33. Ng2 Ne7
34. Rb6 Rc1 35. Qb2 Rd8 36. Rb8 Nc8 37. g4 Kg7 38. c5 Rdd1 39. Qe2 e4 40. Rxc8
Rxf1+ 41. Qxf1 Rxf1+ 42. Kxf1 exf3 43. Re8 fxg2+ 44. Kg1 Bd2 45. c6 Bxc3 46.
Rd8 Ba5 47. Rb8 Kf6 48. Rb5 Bc7 49. a4 Bxg4 50. Rb7 Bd6 51. Kxg2 Be6 52. a5
Bd5+ 53. Kh3 g5 54. a6 Bc4 55. a7 Bf1+ 56. Kg4 Be2+ 57. Kh3 Bf1+ 1/2-1/2